| 000 | 01864nam a2200529 i 4500 | ||
|---|---|---|---|
| 001 | 15680 | ||
| 003 | KOSZ 005 | ||
| 005 | 20200706102421.0 | ||
| 008 | 200423s1961 pl ab f 000 0 pol | ||
| 015 | _aUWD 1962/196 | ||
| 035 | _a991040363529705066 | ||
| 035 | _a(PL-WaBN)b20788356-48omnis_nlop | ||
| 035 | _ab20788356 | ||
| 035 | _a(OCoLC)749485931 | ||
| 035 | _a(PL)b0000002078835 | ||
| 035 | _a(EXLNZ-48OMNIS_NETWORK)9910461218605606 | ||
| 040 |
_aWA N _cWA N _dKOSZ 005/RW |
||
| 046 | _k1961 | ||
| 080 | _a628.1 | ||
| 100 | 1 |
_aPrzewłocki, Olgierd _eAutor |
|
| 245 | 1 | 0 |
_aStudnie / _cOlgierd Przewłocki, Atanazy Tkaczenko, Kazimierz Czarnocki. |
| 260 |
_aWarszawa : _bArkady, _c1961. |
||
| 300 |
_a338, [1] stron, [1] karta tablic, [2] karty mapy : _bilustracje, mapy ; _c25 cm. |
||
| 336 |
_aTekst _btxt _2rdacontent |
||
| 337 |
_aBez urządzenia pośredniczącego _bn _2rdamedia |
||
| 338 |
_aWolumin _bnc _2rdacarrier |
||
| 380 | _aKsiążki | ||
| 380 | _aPublikacje fachowe | ||
| 388 | _a1901-2000 | ||
| 388 | _a1945-1989 | ||
| 504 | _aBibliografia na stronach 338-[339]. | ||
| 521 | 8 | _aKsiążka przeznaczona jest dla inżynierów i techników zatrudnionych w wykonawstwie oraz w biurach projektowych. | |
| 650 | 7 | _aStudnie | |
| 650 | 7 | _aUjęcia wody | |
| 650 | 7 | _aProjektowanie i konstrukcja | |
| 650 | 7 | _aWoda | |
| 650 | 7 | _aZaopatrzenie w wodę | |
| 650 | 7 | _aHydrogeologia | |
| 658 | _aArchitektura i budownictwo | ||
| 658 | _aGeografia i nauki o Ziemi | ||
| 700 | 1 |
_aCzarnocki, Kazimierz _eAutor |
|
| 700 | 1 |
_aTkaczenko, Atanazy _eAutor |
|
| 710 | 2 |
_aWydawnictwo Arkady _4pbl |
|
| 856 |
_uhttp://koha.tu.koszalin.pl/cgi-bin/koha/opac-detail.pl?biblionumber=15680 _yKatalog online BPK |
||
| 942 |
_2UKD _cKS |
||
| 999 |
_c15680 _d15680 |
||